| 000 | 00800nam a2200265 i 4500 | ||
|---|---|---|---|
| 001 | 000029559 | ||
| 003 | DO-SdBNP | ||
| 005 | 20250401105018.0 | ||
| 007 | ta | ||
| 008 | 110418s1995 dr 000 0 spa d | ||
| 040 |
_aDO-SdBNP _bspa _cBNPHU _erda |
||
| 082 |
_axxx _bD295 _222 |
||
| 245 | 0 | 0 | _aDeclaración de principios sobre la tolerancia. |
| 264 |
_aSanto Domingo : _bUNESCO, _c1995. |
||
| 300 |
_a16 páginas ; _c21 cm. |
||
| 336 |
_ardacontent _btexto _2txt |
||
| 337 |
_ardamedia _bsin mediación _2n |
||
| 338 |
_ardacarrier _bvolumen _2nc |
||
| 500 | _aAprobada por la Conferencia General de la UNESCO en su 28a reunión, París, 16 de noviembre de 1995 | ||
| 590 | _aInventariado, 2025/DG | ||
| 650 | 4 |
_aPaz _929363 |
|
| 650 | 4 |
_aTolerancia _933102 |
|
| 910 | _aDG | ||
| 942 |
_2ddc _cLF2 |
||
| 999 |
_c29051 _d29051 |
||